000 00728nam a22002417a 4500
003 UA-OsUOA
001 75517
007 ta
008 20110526b un ||||| |||| 00| 0 ukr d
100 _aЖур П.В.
090 _a82.09(477)
_bЖ91
942 _cBK
040 _aUA-OsUOA
_bukr
_cUA-OsUOA
_dUA-OsUOA
245 _aТруди і дні Кобзаря: Літопис життя і творчості Т.Г.Шевченка
_cвст. стаття М.М.Павлюка
300 _a520 с.
955 _a3
041 _aukr
080 _a82.09(477)
020 _a966-578-118-9
260 _aК.
_bДніпро
_c2003
650 7 _a82 Література. Літературознавство
_2UDC
999 _c361797
_d361797